top 10 najdłuższe rzeki świata - Statystyki

Ogólne statystyki
  • Ten quiz został rozwiązany 233 razy
  • Średni wynik to 5 z 10
Statystyki odpowiedzi
Hint Odpowiedź % Poprawnych
1 nil
97%
2 amazonka
96%
3 jangcy
75%
7 kongo
60%
10 lena
58%
5 Huang He
55%
8 mekong
45%
4 Missisipi-Missouri
14%
6 Ob-Irtysz
10%
9 armur
2%
Nie znaleziono quizów pasujących do podanych kryteriów
Rozkład punktacji
Procent ludzi z każdym wynikiem
Percentyl według liczby udzielonych odpowiedzi
Twoja historia wyników
Nie rozwiązałeś tego quizu